000 00689nam a22002777a 4500
005 20240927172819.0
008 171206b2001 xxu||||| |||| 00| 0 spa d
041 _aESP
082 _a658.151.1 H816i11
100 _aHorngren, Charles
245 _aIntroducción a la contabilidad administrativa
250 _a11 edición
260 _aMéxico
260 _bPearson Educación
260 _c2001
300 _a609 páginas
650 _aCONTABILIDAD ADMINISTRATIVA
650 _aPLANEACIÓN
650 _aPRESUPUESTO DE CAPITAL
650 _aPRODUCCIÓN
650 _aNFLACIÓN
650 _aTOMA DE DECISIONES
942 _cBK
_2ddc
999 _c10028
_d10028